000 01017nam a2200241Ia 4500
999 _c37713
_d37713
001 3688
003 GE_BSU
005 20190524180059.0
008 181216s1963|||| |||||||||||||| ||geo||
040 _cGE_BSU
041 _ageo
080 _a517(075.8) მ-15
245 _aმათემატიკური ანალიზის კურსი. ტ.I. სახელმძღვ. /
_cა.ხარაძე ; ვ. ჭელიძე ; ბ.ხვედელიძე ; ი. ქარცივაძე ; რედ : ა. ხარაძე.
250 _aმე-3 გადამუშ. გამოც.
264 _aთბილისი :
_bცოდნა,
_c1963.
300 _a450 გვ .:
_c24 სმ.
653 _aმათემატიკური ანალიზი.
700 _aხარაძე, ა
_91596
700 _aელიძე, ვ
_91597
700 _aხვედელიძე, ბ
_91598
700 _aქარცივაძე, ი
_91599
942 _cBK
_2udc